[Event "Hastings 9899"]
[Site "Hastings"]
[Date "1999.01.07"]
[Round "9"]
[White "Emms, John M"]
[Black "Fressinet, Laurent"]
[Result "1-0"]
[WhiteElo "2585"]
[BlackElo "2455"]
[Annotator "Ribli,Z"]
[PlyCount "131"]
[EventDate "1998.12.29"]
[EventType "tourn"]
[EventRounds "9"]
[EventCountry "ENG"]
[EventCategory "13"]
[SourceTitle "CBM 069"]
[Source "ChessBase"]
[SourceDate "1999.04.01"]
[SourceVersion "1"]
[SourceVersionDate "1999.04.01"]
[SourceQuality "1"]

1. e4 c5 2. Nf3 Nc6 3. Nc3 {Dieser Zug richtet sich gegen die
Sweschnikov-Variante, denn jetzt ist 3...Nf6 weniger gut wegen 4.Bb5. Ribli.}
e6 (3... e5 $5 {Dieser Zug schwächt zwar das Feld d5, aber Weiß kann nicht 4.
d4 ziehen.}) 4. d4 cxd4 5. Nxd4 Qc7 6. Be2 a6 7. O-O Nf6 8. Be3 Bb4 9. Na4 {
Dieser Zug ist in der modernen Turnierpraxis viel beliebter als seine früher
oft gespielte Alternative 9...0-0.} Be7 10. Nxc6 bxc6 11. Nb6 Rb8 12. Nxc8 Qxc8
13. Bd4 $5 {Diese Fortsetzung wird heutzutage häufig angewendet.. Meines
Erachtens bietet die klassische Linie 13.e5 Nd5 14.Bc1 Weiß keinen Vorteil.
Nach dem Partiezug hat Schwarz die Wahl: 1. nehmen auf e4, was zu verwickelten
Stellungen führt oder  2. die Entwicklung beenden, aber in diesem Fall bekommt
Weiß etwas Vorteil, wegen des Läuferpaares.} (13. e5 Nd5 14. Bc1 Bc5 15. c4 Ne7
16. b3 Qc7 17. Bb2 d6 18. Bh5 (18. exd6 Bxd6 19. g3 Be5 20. Qc2 O-O 21. Rad1
Bxb2 22. Qxb2 c5 23. Bd3 Nc6 {0-1 Friedman,A-Cummings,D/Toronto op 1998 (38)})
18... O-O 19. Qe2 a5 20. Rac1 Nf5 21. Rfd1 a4 22. Rd3 axb3 23. axb3 Rbd8 24.
exd6 Bxd6 25. g3 Bc5 26. Rcd1 Rxd3 27. Qxd3 Qb6 28. Rd2 Bb4 29. Rd1 {1/2-1/2
Svidler,P-Polgar,J/Tilburg 1997 (29)}) 13... Nxe4 {Der junge Franzose
komplitziert die Stellung. Während der großen Verwicklungen muß der schwarze
König hinter seiner Bauernmasse im Zentrum bleiben.} (13... c5 $5 14. Be5 Rb6
15. b3 (15. Qd3 O-O (15... d6 $5) 16. c4 d6 17. Bc3 Nd7 18. Rab1 Bf6 19. Ba5
Rxb2 20. Rxb2 Bxb2 21. Qxd6 Be5 22. Qd3 Bd4 23. Rb1 Qc6 24. Qc2 g6 25. Bd3 Qd6
26. Kh1 Rb8 27. Rxb8+ Qxb8 {0-1 Bremond,E-Andrijevic,M/Cannes op 1989 (39)}) (
15. Bf3 O-O 16. Bc3 d6 17. a4 Nd7 18. a5 Rb8 19. Qd2 Rd8 20. Rfd1 Bf6 21. Bxf6
Nxf6 22. e5 Ne8 23. exd6 Nxd6 {0-1 Dashko Andrey-Tregubov Pavel V/Cup Russia
op 1998 (48)}) 15... O-O (15... Nxe4 16. Bxg7 Rg8 17. Bb2 Bf6 18. Bxf6 Nxf6 19.
Bf3 Qc7 20. Re1 Qf4 21. Qe2 {1-0 Thipsay,P-Al Modiahki,M/Tehran 1998/EXT 99 
(46)}) 16. Bd3 d6 (16... Rd8 17. Bc3 Re8 18. Ba5 Rb8 19. Qe2 Qc6 20. e5 Nd5 21.
Qe4 {1-0 Onischuk,A-Brodsky,M/Donetsk 1998/CBM 68_07 (60)}) 17. Bb2 Nd7 18. f4
Bf6 19. Bxf6 Nxf6 20. Qe2 e5 $6 (20... Qc6 $5 21. e5 Nd5 22. Qe4 g6 $11) 21.
fxe5 dxe5 22. Bc4 $14 {1/2-1/2 Dolmatov,S-Tunik,G/St. Petersburg 1998/CBM 67/
[Ribli] (63)}) 14. Bxg7 (14. Qd3 d5 15. Qxa6 Qc7 16. Bxg7 Rg8 $44) 14... Rg8
15. Be5 (15. Qd4 d5 $13 16. Be5 Rb4 17. c4) 15... d6 16. Qd3 f5 {[%csl Gb8,Gg8]
[%cal Gg8g1,Gb8b2] Der schwarze König steht zwar in der Mitte, aber die Türme
sind stark in den halboffenen Linien.} (16... dxe5 17. Qxe4 {[%cal Re4e5,Re4h7]
} Rxb2 18. Rfb1 $14 {[%csl Re8]}) 17. Bh5+ Kd7 (17... Kf8 18. Bf4 $14) 18. Rad1
(18. Bf3 Rb5 19. Bf4 Nc5 $13 20. Qd4 $2 e5 21. Bxe5 Ne6 $19 {[%cal Rb5e5,Re6d4]
}) 18... Rb5 19. Bf4 Rd5 $6 (19... Rxb2 $5 20. f3 Nc5 21. Qc3 $44) 20. Qh3 Bg5
(20... Qb7 $5 21. b3 Bg5) 21. Bxg5 Nxg5 (21... Rxg5 22. Bf3 Qg8 23. c4 $14) 22.
Qa3 $14 {[%csl Ga3,Rd7][%cal Ga3d6,Ga3a6] Die weiße Dame steht aktiv auf a3,
aber es gibt keine konkreten Drohungen.} Rxd1 23. Rxd1 c5 (23... d5 24. Be2)
24. h4 Ne4 25. Bf3 (25. Be2 $5 $16 {[%csl Ra6]}) 25... Qc6 26. c4 Kc7 27. Qa5+
Kb7 (27... Qb6 $2 28. Qxb6+ Kxb6 29. Bxe4 fxe4 30. Rxd6+ $18) 28. b4 $1 $40
cxb4 (28... Qc7 29. Qa4 $40) 29. Qxb4+ Ka7 (29... Kc7 30. Rb1 $16) 30. Rd4 (30.
Bxe4 Qxe4 {[%cal Re4g2]} 31. g3 Rxg3+ $1 32. fxg3 Qe3+ 33. Kf1 (33. Kh2 Qe2+ {
[%cal Re2h2,Re2d1]} 34. Kh3 Qxd1 $17) 33... Qf3+ 34. Ke1 Qe3+ $11) 30... Rd8 (
30... Qc5 31. Qxc5+ dxc5 32. Rd7+ $16 {[%cal Rd7a7,Rd7h7]}) 31. Bxe4 fxe4 32.
Qe1 {[%csl Re4]} d5 33. Qd2 {[%cal Gd2d8,Rd4e4] Weiß droht in einigen
Varianten, Rxe4 zu spielen.} Rd7 34. g3 Ka8 (34... Kb7 35. h5 Kc8 $5 {Später
wählt Schwarz in der Partie den selben Plan.}) 35. h5 {Weiß steht etwas besser,
denn die Fesselung in der d-Linie ist unangenehm.} Ka7 36. h6 {[%csl Gh6] In
kleinen Schritten verbessert Weiß seine Stellung, während Schwarz nur abwarten
kann. Er hat keinerlei Gegenspiel.} Ka8 37. a3 Kb7 38. a4 Kc8 (38... Qxa4 $2
39. cxd5 {[%cal Rd4a4]} Qa1+ 40. Kg2 exd5 41. Rxd5 Rxd5 42. Qxd5+ Kb6 43. Qxe4
$16) 39. a5 $5 (39. cxd5 exd5 (39... Rxd5 40. Qe3 Rxd4 41. Qxd4 $14) 40. Rb4
$14) 39... dxc4 40. Rxd7 Qxd7 41. Qc3 $44 {[%csl Gc3,Rc8,Gh6,Rh7] Weiß hat
einen Bauern weniger, aber alle fünf schwarzen Bauern sind schwach. Schwarz
muß vor allem aufpassen, nicht den h7-Bauern zu verlieren, denn das wäre
bereits partieentscheidend.} Qc7 (41... Qd1+ 42. Kg2 Qf3+ $2 43. Qxf3 exf3+ 44.
Kxf3 $18) 42. Qh8+ Kb7 43. Qc3 e5 (43... Kc8 44. Kf1 $14) 44. Qb4+ Ka7 45. Kf1
$22 {Es ist nicht leicht, Schwarz eine normale Fortsetzung vorzuschlagen, denn
Weiß hat einen einfachen Plan, die Annäherung seines Königs.} e3 (45... c3 46.
Ke2 c2 47. Qb6+ Qxb6 48. axb6+ Kxb6 49. Kd2 Kc6 (49... a5 50. g4 a4 51. Kxc2
$18 {[%csl Gg4,Gh6]}) 50. g4 Kd6 51. g5 Ke6 52. g6 $18) (45... Ka8 46. Ke2 Qf7
$5) 46. fxe3 Qf7+ 47. Ke1 (47. Ke2 Qh5+) 47... Ka8 (47... Qf3 48. Qb6+ Ka8 49.
Qxa6+ $16) 48. Qd6 $16 {[%csl Gd6][%cal Rd6a6]} Qf3 (48... Qb7 49. Qxe5 Qb1+
50. Kf2 $16) 49. Qxa6+ Kb8 50. Qb5+ Ka8 51. Qa6+ (51. Qxe5 $16) 51... Kb8 52.
Qb5+ Ka7 53. Qc5+ Kb7 54. Qxe5 {Weiß hat zwei Bauern mehr und sehr gute
Gewinnchancen, aber im Damenendspiel muß immer auf Dauerschachmöglichkeiten
geachtet werden.} Ka6 55. Kd2 Qf1 {[%cal Rf1d3]} (55... Qf2+ 56. Kc3 $16) 56.
Qc5 {[%csl Ra6][%cal Rc5b6]} Kb7 (56... Qd3+ 57. Ke1 Qc3+ 58. Kf2 Qxa5 59.
Qxc4+ $18) 57. Qb5+ Ka7 58. Qc5+ Kb7 59. Qb6+ Ka8 {Schwarz beginnt Pattfallen
zu konstruieren. Nach Opfer von c-Bauern und Dame wäre er damit bereits
erfolgreich.} 60. Qa6+ Kb8 61. Qb6+ Ka8 62. Qd8+ Kb7 63. Qd4 {[%csl Gd4]} Kc6
64. a6 $18 {Der weiße a-Bauer entscheidet die Partie.} Kb5 65. a7 Qh1 66. Qb2+
{[%mdl 4160] Schwarz gab auf.} (66. Qb2+ Ka6 67. Qa1+ $5 {[%cal Ra1a6,Rh1a1]} (
67. Qa2+ $18) 67... Qxa1 68. a8=Q+ {[%cal Ra8a1]}) 1-0

[Event "Asia-ch"]
[Site "Kolkata"]
[Date "2001.08.14"]
[Round "7"]
[White "Sadvakasov, Darmen"]
[Black "Rahman, Ziaur"]
[Result "1/2-1/2"]
[WhiteElo "2568"]
[BlackElo "2468"]
[Annotator "Ribli,Z"]
[PlyCount "134"]
[EventDate "2001.08.09"]
[EventType "swiss"]
[EventRounds "11"]
[EventCountry "IND"]
[SourceTitle "CBM 085"]
[Source "ChessBase"]
[SourceDate "2001.11.13"]
[SourceVersion "1"]
[SourceVersionDate "2001.11.13"]
[SourceQuality "1"]

1. e4 c5 2. Nf3 e6 3. d4 cxd4 4. Nxd4 Nc6 5. Nc3 a6 6. Be2 Qc7 7. O-O Nf6 8.
Be3 {Der kasachische Großmeister spielt gern die klassische Variante.} Bb4 9.
Na4 Be7 {Das ist eine sichere Fortsetzung für Schwarz - der Läufer steht viel
sicherer auf e7, als auf b4. Nach meiner Meinung bietet dieser Zug Schwarz
gute Ausgleichschancen.} 10. Nxc6 bxc6 11. Nb6 Rb8 12. Nxc8 Qxc8 13. Bd4 {
Das ist eine chancenreiche Fortsetzung für Weiß - die Alternative 13.e5 Nd5
bietet nicht viel für Weiß entweder nach 14.Bd4 c5 oder nach 14.Bc1 Bc5 15.c4
Ne7.} c5 (13... Nxe4 {Dieser Zug ist riskant, da Weiß die bessere
Bauernstruktur bekommt und der schwarze König muss in der Mitte bleiben. Aber
der Vorteil des Zuges ist, dass Schwarz die Mehrheit im Zentrum bekommt.} 14.
Bxg7 Rg8 15. Be5 d6 16. Qd3 f5 17. Bh5+ Kd7 18. Rad1 Rb5 19. Bf4 $13) 14. Be5
Rb6 15. Qd3 O-O (15... d6 16. Bc3 O-O 17. b3 (17. Bf3 Nd7 18. Rad1 Bf6 19. Bxf6
Nxf6 20. Qc3 e5 21. Rd2 Rd8 {1/2-1/2 Bauer,C-Shneider,A/Paris FRA 2001/(57)})
17... d5 18. e5 $1 (18. exd5 Nxd5 19. Bd2 Nb4 20. Qc4 Rd6 21. Bxb4 cxb4 22.
Qxb4 Qxc2 23. Bxa6 Rxa6 24. Qxe7 Rxa2 25. Rxa2 Qxa2 26. b4 h6 {1/2-1/2
Kasparov,G-Anand,V/Frankfurt 2000/CBM 78 (33)}) 18... Nd7 19. f4 {1-0 Kasparov,
G-Lautier,J/Cannes 2001/CBM 82/[Ribli] (37)}) (15... Qc6) 16. b3 d6 17. Bb2 (
17. Bc3 {Hier ist dieser Läuferzug unnatürlich, aber wir haben mit
Zugumstellung dieselbe Stellung, wie nach 15...d6 16.Bc3 0-0 17.b3.}) 17... Nd7
{Schwarz möchte den dunkelfarbigen Läufer mit Bf6 tauschen.} 18. Rad1 Bf6 19.
Bc1 {Dieser Zug sieht etwas unnatürlich aus, aber Weiß möchte so lange wie
möglich das Läuferpaar auf dem Brett halten.} (19. Bxf6 Nxf6 $11) 19... Qb7 (
19... a5 20. f4 Rd8 (20... Nb8 21. Qh3 Nd7 22. Kh1 Rd8 23. Bd3 Nf8 24. Bd2 Qa8
25. Qg3 Qa7 26. e5 {1-0 Chuprov,D-Nizamov,I/Tomsk RUS 2001/(82)}) 21. Qh3 Nf8
22. Bd2 Qa8 23. Bd3 a4 24. Rde1 axb3 (24... g6 $6 25. f5 {1-0 Shirov,A-Atakisi,
U/Eu Team Ch Batumi GEO 1999 (32)}) 25. axb3 Ng6 26. g3 Rbb8 27. Qg2 Bd4+ 28.
Kh1 d5 {0-1 Korneev,O-Halkias,S/Ubeda 2000/CBM 75/[Ribli] (51)}) (19... Ne5 20.
Qh3 Qc6 21. f4 Ng6 22. Qd3 $14 {1-0 Svidler,P-Fominyh,A/Smolensk 2000/CBM 77/
[Ribli] (41)}) 20. f4 c4 {Mit diesem Zug bekommt Schwarz Gegenspiel am
Damenflügel.} 21. Qf3 {Das ist eine natürliche Fortsetzung, aber die
Alternative 21.Qe3 kommt auch in Betracht.} (21. Qe3 {Der Vorteil des Zugs ist,
dass in einigen Varianten Weiss den Durchbruch e4-e5 ausführen kann.} cxb3 22.
cxb3 Rc8 23. e5 Be7 24. Ba3 Qb8 25. exd6 Bxd6 26. Bxd6 Rxd6 27. Rxd6 Qxd6 28.
Rd1 Qc6 29. Qd3 Qb6+ 30. Kf1 Nb8 31. Qd4 {1-0 Carvajal,N-Zapata,A/Cali COL
2000/(59)}) (21. Qxc4 $2 Rc8 $17 {[%csl Rc4][%cal Gb7e4,Gc8c2]}) (21. bxc4 $2
Nc5 $17) 21... cxb3 22. cxb3 (22. axb3 Rc8 (22... Rc6 $5) (22... Nc5 23. Be3 (
23. Bd3) 23... Nxe4 24. Bxb6 Qxb6+ 25. Kh1 Nc3 26. Rde1 d5 $44 {Schwarz hat
deutlichen positionellen Druck auf den dunkelfarbigen Feldern und sein c3-N
steht ausgezeichnet.}) 23. e5 Qxf3 (23... dxe5 24. Qxb7 Rxb7 25. Bxa6 $18 {
[%cal Ra6c8]}) 24. Rxf3 Rxc2 (24... Be7 $11) 25. Bd3 Rxc1 26. Rxc1 dxe5 27.
Rc8+ Nf8 28. fxe5 Bxe5 29. Ra8 $16) 22... Rc6 {[%cal Gf8c8,Gc8c1]} (22... Nc5
23. Be3 (23. Bd3) 23... Nxe4 24. Bxb6 Qxb6+ 25. Kh1 d5 $44 (25... Nc3 $44)) 23.
Bd3 Qc7 24. Be3 Rc8 $11 {[%cal Gc8c1] Schwarz hat starke Kontrolle über die
c-Linie.} 25. Qh3 {[%cal Gd3h7,Gh3h7] Droht 26.e5 mit Gewinn.} (25. Rc1 Bd4 $5
26. Rxc6 Bxe3+ 27. Qxe3 Qxc6 $11) 25... Nf8 (25... Bc3 $5) 26. Bc4 {[%csl Gc4]
[%cal Gf4f5] Der c4-B steht gut und im folgenden kann Weiß mit f4-f5 das Spiel
am Königsflügel öffnen.} Qa5 27. f5 $36 Re8 (27... Qxa2 $2 28. fxe6 fxe6 29.
Bxe6+ Nxe6 30. Qxe6+ Kh8 31. Rf2 $1 (31. Rxf6 Qe2 32. Rdf1 Qxe3+ 33. Kh1 gxf6
34. Qxf6+ $11) 31... Qa3 (31... Rc2 32. Qxc8+ $1 $18) 32. Rxf6 gxf6 33. Qxf6+
Kg8 34. Qe6+ $18) (27... exf5 28. Qxf5 Qxa2 (28... Qxf5 29. exf5 $14 (29. Rxf5
$14)) 29. Bd4 $16) 28. Rf2 exf5 29. Qxf5 (29. exf5 Nd7 $13 {[%cal Gd7e5]})
29... Re5 $6 (29... Qxf5 30. Rxf5 Ng6 $11 (30... Rxe4 31. Bd5 $16 {[%cal Rd5c6,
Rd5e4]})) 30. Qg4 $14 {Droht 31.Rxf6.} h5 (30... Ng6 31. Bd4 $16) 31. Qg3 Qd8
$2 (31... h4 32. Qg4 $40) (31... Nd7 $14) 32. Bxf7+ $1 $16 {[%mdl 64] Mit
diesem schönen Zug gewinnt Weiß einen Bauern bei viel besserer Stellung.} Kh8 (
32... Kxf7 33. Qxe5 $18 {[%cal Gd1d8,Gf2f7]}) 33. Rf5 (33. Bd5 $16) 33... Rxf5
34. exf5 Rc3 {[%cal Gc3g3]} 35. Qf3 (35. Bxh5 $2 Qe7 $132 {[%csl Re3]}) 35...
Nh7 36. Be6 (36. Bxh5 Bg5 37. Bxg5 Qb6+ 38. Qf2 $18 (38. Be3 Rxe3 39. Qf2 $18))
36... Be5 37. Qe4 {Droht 38.Qxe5 - mit sofortigem Gewinn.} Qb8 38. Rc1 Rxc1+ (
38... d5 39. Qh4 $16 (39. Qxd5 Bxh2+ 40. Kh1 Rxe3 41. Rc8+ Qxc8 42. Bxc8 Bg3 {
[%cal Re3e1,Re1h1]} 43. Qd8+ Nf8 44. Qxf8+ Kh7 45. Qb4 Rd3 $1 (45... Re1+ 46.
Qxe1 Bxe1 47. Bxa6 $18) 46. Qc5 Rd1+ 47. Qg1 Rxg1+ 48. Kxg1 a5 $11)) 39. Bxc1 {
Weiss hat das Läuferpaar und einen gesunden Bauern mehr.} Nf6 (39... d5 40.
Qxd5 (40. Qh4 Qc7 $14 {[%cal Gc7c1]}) 40... Nf6 41. Qf3 Bxh2+ 42. Kh1 $16) 40.
Qd3 Qb4 $14 (40... d5 41. g3 h4 42. Kg2 $16) 41. Kf1 (41. Bd2 Qc5+ 42. Be3
Bxh2+ 43. Kh1 (43. Kxh2 Ng4+ $15) 43... Qb4 44. Kxh2 Qh4+ 45. Kg1 Qe1+ 46. Qf1
(46. Kh2 $2 Ng4+ 47. Kh3 Qh1+ 48. Kg3 Qh2+ 49. Kf3 Ne5+ $19 {[%cal Re5d3,Re5f3]
}) 46... Qxe3+ $15) 41... Qh4 {[%csl Gh4] Die Dame steht aktiv auf h4. Schwarz
hat taktische Gegenchancen am Königsflügel.} 42. Qf3 (42. h3 Ne4 $132) 42...
Kh7 $6 (42... Qxh2 $5 $11) 43. Bf7 d5 (43... Qxh2 44. Bg6+ Kh8 45. Qa8+ Ng8 46.
Bf7 Qh1+ 47. Ke2 $18) 44. h3 (44. Bxd5 Qd4 $1 45. Bf7 Qa1 $132 {[%cal Ga1f1]})
44... Ne4 45. Be3 (45. g4) 45... d4 $132 (45... Ng3+ 46. Kg1 $16) 46. Bg6+ Kh8
47. f6 gxf6 (47... Bxf6 48. Bf4 $1 {[%csl Re4]} Be5 (48... Nc5 49. Bd6 Ne6 50.
Qc6 $18) 49. Bg5 $1 $18) (47... Nxf6 48. Bd2 $14) (47... Qxf6 48. Qxf6 Nxf6 $11
(48... Ng3+ 49. Ke1 gxf6 $11)) 48. Bxe4 dxe3 49. Qxe3 Qg5 50. Qxg5 $6 (50. Qd3
$14 {Mit Damen auf dem Brett hätte Weiss mehr Chancen.}) 50... fxg5 {[%mdl
4096] Weiss hat einen Bauern mehr, aber Schwarz kann den halben Punkt leicht
erreichen, da die Anwesenheit der ungleichfarbigen Läufer immer ein wichtiger
Remisfaktor ist.} 51. Bf3 h4 52. Ke2 Kg7 53. Kd3 Kf6 54. Kc4 (54. b4 Ke6 $11)
54... a5 (54... Ke6 $11) 55. Bg4 Ke7 56. Kd5 Bd6 57. Bc8 Bb4 58. Kc6 {Weiss
hat eine aktive Königsstellung und einen Bauern mehr, aber das ist nichts wert
in der gegebenen Endspielstellung.} Kd8 59. Bg4 Ke7 60. Bc8 Kd8 61. Bf5 Ke7 62.
Bg4 Kd8 63. Kb6 Ke7 64. a3 {Endlich tauscht Weiß ein Paar Bauern, aber sein
Freibauer am Damenflügel ist nicht zu vertwerten.} Bxa3 65. Kxa5 Kd6 66. b4 Kc7
67. Ka4 Bc1 1/2-1/2

[Event "SCG-ch 1st"]
[Site "Kopaonik"]
[Date "2005.04.07"]
[Round "6"]
[White "Perunovic, Milos"]
[Black "Ivanisevic, Ivan"]
[Result "1-0"]
[WhiteElo "2549"]
[BlackElo "2542"]
[Annotator "Ribli,Z"]
[PlyCount "69"]
[EventDate "2005.04.02"]
[EventType "tourn"]
[EventRounds "13"]
[EventCountry "YUG"]
[EventCategory "11"]
[SourceTitle "CBM 107"]
[Source "ChessBase"]
[SourceDate "2005.08.01"]
[SourceVersion "1"]
[SourceVersionDate "2005.08.01"]
[SourceQuality "1"]

1. e4 c5 2. Nf3 e6 3. d4 cxd4 4. Nxd4 Nc6 5. Nc3 Qc7 6. Be2 a6 7. O-O Nf6 8.
Be3 Bb4 9. Na4 O-O {Heutzutage wird dieser Zug seltener gespielt, die
Alternative 9...Be7 ist populärer und scheint mir sicherer - der b4B muss
früher oder später weg gehen.} 10. Nxc6 (10. c4) 10... bxc6 11. Nb6 (11. c4 $5)
11... Rb8 12. Nxc8 Rfxc8 13. Bxa6 Rf8 {Das ist die beste Fortsetzung für
Schwarz; die früheren Alternativen sind 13...Re8 und 13...Rd8. Die Ursache ist:
nach 14.Bd3 Bd6 15.Kh1 Be5 16.c3 Rxb2 17.Qc1 Ng4! 18.f4 Nxe3 19.Qxb2 Bxf4 20.
Qf2 Nxf1 21.Rxf1 wäre sinnlos für Weiß, da der Pf7 verteidigt ist.} 14. Bd3 Bd6
15. f4 e5 16. b3 (16. f5 Rxb2 17. g4 h6 (17... Qa5 18. g5 Ne8 {Eine kritische
Stellung der Variante 13...Rf8 - Weiß hat starken Angriff, aber auch Schwarz
bekommt seine Chancen.}) 18. h4 Nd5 19. exd5 e4 20. Be2 Bc5 21. Bxc5 Qg3+ {
1/2-1/2 Khamrakulov,I-Pogorelov,R/Lorca ESP 2001/(21)}) 16... exf4 17. Bd4 f3 (
17... Be5 18. Bxe5 Qxe5 19. Qf3 $14) 18. e5 (18. g3 Bxg3 19. Bxf6 gxf6 20. Rxf3
Bxh2+ 21. Kh1 Be5 22. Rh3 Rfe8 23. Qg4+ (23. Rb1 $1 Kf8 24. Rxh7 Ke7 25. Qh5 $1
Rf8 26. Bc4 d5 $5 27. exd5 cxd5 28. Bxd5 Qxc2 $11) 23... Kf8 24. Rg1 Ke7 25.
Rxh7 (25. a4 Rh8 $15) 25... Rh8 {0-1 Rowson,J-Tregubov,P/NED 2001/EXT 2002 (50)
}) (18. Qxf3 Bxh2+ 19. Kh1 Be5 20. Bxe5 Qxe5 21. Qf5 Rfe8 22. Qxe5 Rxe5 23. Rf5
Re7 24. Kg1 Kf8 25. Rf4 d6 26. a4 Nd7 27. a5 Nc5 {0-1 Hautot,S-Kveinys,A/Pays
de Charleroi 2003/(45)}) 18... f2+ $5 {Mit diesem Zug beabsichtigt Schwarz,
die weiße Figurenkoordination zu stören, da der Turm auf f2 nicht glücklich
steht.} (18... Bxe5 19. Bxe5 Qxe5 20. Qxf3 d5 21. Rae1 Qd6 22. a4 c5 23. Kh1
Rb4 24. Bb5 $14 {1-0 Zigangirova,S-Urosevic,M/Oropesa del Mar 2001/ (49)}) (
18... Ng4 19. exd6 Qxd6 20. Bxh7+ Kxh7 21. g3 $16 {[%csl Rf3]}) 19. Rxf2 Bxe5
20. Bxe5 Qxe5 {Nach diesem Zug kann Weiß z.B. nicht 21.Qf3?? spielen, da der
Ra1 dann fällt, sodass Weiß ein Tempo verliert.} 21. Rf1 (21. Re2 Qc5+ 22. Kh1
Rfe8 23. a4 Rxe2 (23... d5) 24. Qxe2 Re8 25. Qf3 d5 (25... h5 $5 {[%cal Gf6g4,
Gg4f2]}) 26. a5 Ne4 27. g3 Nf2+ 28. Kg2 Nxd3 29. Qxd3 Re3 {1/2-1/2 Narciso
Dublan,M-De la Riva Aguado,O/Pamplona 2002/(37)}) 21... h5 $146 {[%cal Gf6g4]
Bis jetzt alles ist Theorie - mit dem Textzug bereitet Schwarz 22...Ng4 vor.} (
21... Rfe8 22. Kh1 d5 23. Qf3 Rb7 24. a4 Rbe7 25. a5 Ne4 26. Qe3 c5 27. a6 g6
28. Bxe4 dxe4 29. c3 Ra8 30. Ra5 Qd5 31. Rfa1 Qxb3 32. Qxc5 {1-0 Mukhametov,
E-Fierz,M/Wch-stud Sofia 1994/TD 94\01 (44)}) (21... d5 22. a4 Ne4 23. Qf3 f5
24. Rfe1 Rbe8 25. a5 Re7 26. c4 Rfe8 27. cxd5 cxd5 28. Bf1 f4 29. Red1 Qc7 {
0-1 Catozzi,M-Strautins,U/ICCF Email 2002/ICCF Telechess CBM 100 (78)}) 22. h3
d5 23. Qf3 Ne4 24. Qf4 Qd4+ (24... Qxf4 25. Rxf4 f5 26. a4 $14) 25. Kh2 Rbe8 {
[%cal Ge8e6,Ge6g6]} 26. a4 $14 {[%mdl 4] Schwarz hat einige Gegenchancen am
Königsflügel, jedoch ist die einfache Idee von Weiß, seinen Freibauern
marschieren zu lassen, ebenfalls nicht zu unterschätzen.} Re6 27. a5 {[%cal
Ga1a4,Ga4e4]} g5 $5 {Eine sehr scharfe Fortsetzung, die den schwarzen
Königsflügel zwar schwächt, aber gleichfalls taktische Gegenchancen eröffnet.}
28. Qc7 g4 29. Bxe4 {Weiß muss den Springer tauschen, sonst kommt Schwarz mit
29...g3+.} dxe4 (29... Qxe4 30. a6 gxh3 31. Qg3+ Rg6 32. Qxh3 Qxc2 $132) 30. a6
(30. Qf4) 30... gxh3 31. a7 $1 {Weß beschäftigt sich nicht mit dem h-Bauern,
sondern verfolgt unbeirrt den Plan der Umwandlung des a-Bauern.} (31. gxh3 Qd2+
32. Kh1 Qc3) 31... hxg2 32. Rg1 $1 e3 $2 {[%mdl 8192] Dieser Zug verliert
sofort, aber die folgende Alternative wäre ebenso schwierig für Schwarz.} (
32... Ra8 $8 33. Rxg2+ Kf8 34. Rag1 (34. Qb7 $36) 34... Rg6 35. Rxg6 fxg6 36.
Rf1+ Kg8 37. Qf7+ Kh8 38. Qxg6 $16) 33. Ra4 $1 $18 {[%csl Rd4,Rg8][%cal Rg1g8,
Ra4d4] Die Dame wird von d4 vertrieben, wonach der schwarze Angriff zum
Erliegen kommt.} (33. a8=Q Qh4+ 34. Kxg2 Rg6+ 35. Kf3 (35. Kf1 Qf2#) 35... Qf2+
36. Ke4 f5+ (36... Rxg1 37. Qxf8+ (37. Rxg1+ Qxg1 $19 {[%cal Re3e2,Re2e1,Rf8a8]
}) 37... Kxf8 38. Ra8+ Kg7 39. Qe5+ f6 40. Qe7+ Kh6 41. Rh8+ Kg5 42. Rg8+ Kh4
43. Rxg1 Qxg1 44. Qxf6+ Qg5 45. Qxg5+ Kxg5 46. Kxe3 $11) 37. Kd3 Qd2+ 38. Kc4
Qxc2+ 39. Kb4 Qd2+ 40. Kc4 Qc2+ 41. Kd4 Qd2+ $11) 33... Qc5 34. a8=Q e2 35.
Qaa5 (35. Rxg2+ Rg6 36. Qaa5 $18) (35. Qaa5 Qxg1+ 36. Kxg1 e1=Q+ 37. Qxe1 $18)
1-0